00382cam a2200133ua 450000100060000000800390000604000090004508200120005410000330006624500380009926000470013765300420018465300220022611259190905n ii |||gr||||Z||||||asm cMAIN a491.451 a H.N. Sarma Daloi,eAuthor., aBharata-KosacBy H.N. Sarma Daloi aNalbari:bSaraswati computer Press,c1977. aEast Indo-European & Celtic languages aAssamese Language